=LDR 00000nam 2200000 4500 =001 INLIS000000000019005 =005 20200907081727 =035 ##$$a 0010-061300000019005 =008 200907################g##########0#ind## =041 ##$$a Ind =082 ##$$a 300 =090 ##$$a 300, Agu p =100 ##$$a Agus, Bustanuddin =245 1#$$a Pengembangan ilmu-ilmu sosial : $b Studi banding antara pandangan ilmiah dan ajaran islam /$c DR. Bustanuddin Agus =260 ##$$a Jakarta :$b Gema Insani,$c 1999 =300 ##$$a 143 hlm ; $c 21 x 13 cm =650 #4$$a Ilmu Sosial =850 ##$$a NBPNMAT =020 ##$$a 979-561-539-4 =084 ##$$a 300 AGU p =500 ##$$a Bibliografi: halaman 133-139 =504 ##$$a Indeks: halaman 140-142 =990 ##$$a 143.519/Pro.99 =990 ##$$a 143.517/Pro.99 =990 ##$$a 0001/BPAP-NTB/2016 =990 ##$$a 143.518/Pro.99 =990 ##$$a 143.519/Pro.99 =990 ##$$a 0001/BPAP-NTB/2016 =990 ##$$a 143.517/Pro.99 =990 ##$$a 143.519/Pro.99 =990 ##$$a 143.518/Pro.99 =990 ##$$a 143.518/Pro.99 =990 ##$$a 143.519/Pro.99 =990 ##$$a 143.517/Pro.99 =990 ##$$a 143.517/Pro.99 =990 ##$$a 143.519/Pro.99 =990 ##$$a 143.518/Pro.99